|
|
|
|
| LEADER |
01243nam a2200265 a 4500 |
| 001 |
0017422 |
| 003 |
BD-DhAAL |
| 008 |
090820s2004 enk bf 001 0 eng d |
| 010 |
|
|
|a 2003069568
|
| 020 |
|
|
|a 052183015X
|
| 020 |
|
|
|a 0521537169 (pb.)
|
| 040 |
|
|
|a DLC
|c DLC
|d DLC
|d BD-DhAAL
|
| 082 |
0 |
0 |
|a 507.973
|2 22
|
| 100 |
1 |
|
|a Chapin, Paul G.,
|d 1938-
|9 58221
|
| 245 |
1 |
0 |
|a Research projects and research proposals :
|b a guide for scientists seeking funding /
|c Paul G. Chapin ; with a foreword by Alan I. Leshner.
|
| 260 |
|
|
|a Cambridge, U. K. ;
|a New York :
|b Cambridge University Press,
|c 2004.
|
| 300 |
|
|
|a xvi, 154 p. ;
|c 24 cm
|
| 500 |
|
|
|a Includes index.
|
| 526 |
|
|
|a ENH
|x Professor Syed Manzoorul Islam
Coordinator
Department of English and Humanities
BRAC University
|
| 541 |
1 |
|
|e 00017422
|a Friends' Book Corner
|
| 650 |
|
0 |
|a Science
|x Research grants
|v Handbooks, manuals, etc.
|9 58222
|
| 852 |
4 |
|
|a Ayesha Abed Library
|c General Stacks
|
| 942 |
|
|
|2 ddc
|c BK
|
| 999 |
|
|
|c 3459
|d 3459
|
| 952 |
|
|
|0 0
|1 0
|2 ddc
|4 0
|6 507_973000000000000_CHA_2004
|7 0
|9 3139
|a BRACUL
|b BRACUL
|c GEN
|d 2009-09-01
|e Friends' Book Corner
|g 1990.00
|l 3
|m 15
|o 507.973 CHA
|p 3010017422
|r 2017-07-16
|s 2017-04-01
|t 1
|w 2009-09-01
|y BK
|x Requisitioned by Professor Syed Manzoorul Islam (Coordinator).
|